| 000 | 00521nam a2200193 i 4500 | ||
|---|---|---|---|
| 001 | 100223 | ||
| 003 | ES-MaACL | ||
| 005 | 20250331063053.0 | ||
| 007 | t| | ||
| 008 | 050923s1978 sp ||||1| spa d | ||
| 100 | 1 |
_aMarx, Karl, _d1818-1883 _978590 |
|
| 245 | 1 | 0 |
_aAcerca del colonialismo / _cKarl Marx, Engels. |
| 250 | _a[1ª ed.]. | ||
| 260 |
_aMadrid : _bJúcar, _c1978. |
||
| 300 |
_a189 p. ; _c18 cm. |
||
| 700 | 1 |
_aEngels, Friedrich. _947225 |
|
| 852 |
_aES-MaACL _jA-8581 _bR.97592 |
||
| 999 |
_c100223 _d100223 |
||